Použitie open-source redakčného systému pre návrh elektronického obchodu v konkrétnej firme bakalárska práca

Gespeichert in:
Bibliographische Detailangaben
1. Verfasser: Májková, Erika
Körperschaft: Fakulta podnikového manažmentu EU. Katedra informačného manažmentu
Weitere Verfasser: Černý, Matej, 1982-
Format: Buch
Sprache:Slowakisch
Veröffentlicht: Bratislava 2014
Tags: Tag hinzufügen
Keine Tags, Fügen Sie das erste Tag hinzu!

MARC

LEADER 00000nbm a2200000 4500
001 0189561
005 20170201091607.7
041 0 |a slo 
044 |a SK 
245 1 0 |a Použitie open-source redakčného systému pre návrh elektronického obchodu v konkrétnej firme  |b bakalárska práca  |c Erika Májková ; školiteľ: Matej Černý 
264 1 |a Bratislava  |c 2014 
300 |a 44 s. 
100 1 |a Májková, Erika 
700 1 |a Černý, Matej, 1982- 
710 2 |a Fakulta podnikového manažmentu EU. Katedra informačného manažmentu